=LDR 00000nam 2200000 4500 =001 INLIS000000000026930 =005 20130612125337 =008 ***********************************Ind** =035 ##$$0010-061300000026930 =041 ##$$a Ind =082 ##$$a 658.903 8 =090 ##$$a 658.903 8, Jaw m =100 ##$$a Jawwad, M. Ahmad Abdul =245 ##$$a Manajemen rapat, M. Ahmad Abdul ; alih bahasa Dan ; penyunting, N. Burhanuddin =260 ##$$a 2006 $b Bandung =300 ##$$a vii, 60 hlm, ilus, 23 cm =650 ##$$a Menajemen Informasi =850 ##$$a NBPNMAT =990 ##$$a 0001/BPAP-NTB/20142015 =990 ##$$a 0001/BPAP-NTB/2016